| 000 | 00483nam a2200157 a 4500 | ||
|---|---|---|---|
| 001 | 000022205 | ||
| 005 | 20200930011628.0 | ||
| 008 | 100920s1998 dr 000 0 spa d | ||
| 040 |
_aDO-SdBNP _bspa _cBNPHU |
||
| 082 |
_axxx _bI59c |
||
| 110 | 1 |
_aInstituto de Contadores Públicos Autorizados de la República Dominicana _97118 |
|
| 245 | 1 | 0 | _aCódigo de ética profesional /. |
| 260 |
_aSanto Domingo : _bSomos Artes Gráficas, _c1998. |
||
| 300 |
_a60 p. ; _c22 cm. |
||
| 049 | _aBNPD | ||
| 999 |
_c21703 _d21703 |
||